书目信息 |
| 题名: |
明日货币:电子理财的时代
|
|
| 作者: | 岩崎和雄 , 佐藤元 著 | |
| 分册: | ||
| 出版信息: | 北京 中国轻工业出版社 1999.11 |
|
| 页数: | 248页 | |
| 开本: | 32开 | |
| 丛书名: | ||
| 单 册: | ||
| 中图分类: | F820.4 | |
| 科图分类: | ||
| 主题词: | 货币 | |
| 电子资源: | ||
| ISBN: | 7-5019-2403-1 | |
| 000 | 00643nam0 2200205 45 | |
| 001 | 0009281707 | |
| 005 | 20000929094025.0 | |
| 010 | @a7-5019-2403-1@d20.00元 | |
| 100 | @a20000928d1999 km y0chiy0120 ea | |
| 101 | 0 | @achi |
| 105 | @a z 000yy | |
| 200 | 1 | @a明日货币:电子理财的时代@AMing Ri Huo Bi:Dian Zi LiCai De Shi Dai@f(日)岩崎和雄,佐藤元著;沈边译@F(Ri)YanQi He Xiong,Zuo Teng Yuan Zhu;Shen Bian Yi |
| 210 | @a北京@c中国轻工业出版社@d1999.11 | |
| 215 | @a248页@d32开 | |
| 606 | 0 | @a货币 |
| 690 | @aF820.4@v3 | |
| 701 | 0 | @a岩崎和雄@4著 |
| 701 | 0 | @a佐藤元@4著 |
| 801 | @aCN@bPftUser@c20000928 | |
| 905 | @b157794-796@dF820.4@eY302@f3 | |
| 明日货币:电子理财的时代/(日)岩崎和雄,佐藤元著;沈边译.-北京:中国轻工业出版社,1999.11 |
| 248页;32开 |
| ISBN 7-5019-2403-1:20.00元 |
| ● |
| 相关链接 |
|
|
|
正题名:明日货币:电子理财的时代
索取号:F820.4/Y302
 
预约/预借
| 序号 | 登录号 | 条形码 | 馆藏地/架位号 | 状态 | 备注 |
| 1 | 157794 | 201577944 | 社科库409/409社科库 10排4列1层/ [索取号:F820.4/Y302] | 在馆 | |
| 2 | 157795 | 201577953 | 社科库409/509社科库 21排4列1层/ [索取号:F820.4/Y302] | 在馆 | |
| 3 | 157796 | 201577962 | 社科库409/422社科库 45排1列5层/ [索取号:F820.4/Y302] | 在馆 |